| 000 | 00899nac a22002531u 4500 | ||
|---|---|---|---|
| 010 | _a 87002314 | ||
| 020 | _a0080342116 | ||
| 082 | 0 | 0 |
_a630 _bWID |
| 090 |
_c9677 _d9677 |
||
| 100 | _aWiddowson, R. W. | ||
| 245 | 1 | 0 |
_aTowards holistic agriculture : _ba scientific approach / _cby R.W. Widdowson ; with a foreword by the Lady Eve Balfour. |
| 250 | _a1st ed. | ||
| 260 |
_aOxford [Oxfordshire] ; _aNew York : _bPergamon Press,1987 _c1987. |
||
| 300 |
_axi, 187 p. : _bill. ; _c24 cm. |
||
| 500 | _aIncludes index. | ||
| 504 | _aBibliography: p. 178-181. | ||
| 511 | _acatalogued by: wessam | ||
| 650 | 0 | _aOrganic farming. | |
| 650 | 0 | _aAgriculture. | |
| 650 | 0 | _aAgricultural ecology. | |
| 740 | 0 | _aHolistic agriculture. | |
| 856 | 4 | 2 |
_3Publisher description _uhttp://www.loc.gov/catdir/enhancements/fy0602/87002314-d.html |
| 942 |
_cBB _k630WID |
||
| 999 |
_c9677 _d9677 |
||